书目信息 |
| 题名: |
小腆纪年附考
|
|
| 作者: | 徐鼎 撰 ;王崇武 校点 | |
| 分册: | 下册 | |
| 出版信息: | 北京 中华书局 1957.5 |
|
| 页数: | 796页 | |
| 开本: | 20cm | |
| 丛书名: | ||
| 单 册: | ||
| 中图分类: | K248.4 | |
| 科图分类: | ||
| 主题词: | 中国--历史 | |
| 电子资源: | ||
| ISBN: | ||
| 000 | 00533nam0 2200193 45 | |
| 001 | 0312221749 | |
| 005 | 20060426093055.34 | |
| 010 | @dCNY3.50(2册) | |
| 100 | @a20031222d1957 km y0chiy0120 ea | |
| 101 | @achi | |
| 200 | 1 | @a小腆纪年附考@Axiao tian ji nian fu kao@h下册@f徐鼎撰@Fxu ding zhuan@g王崇武校点 |
| 210 | @a北京@c中华书局@d1957.5 | |
| 215 | @a796页@d20cm | |
| 606 | 0 | @a中国@x历史 |
| 690 | @aK248.4@v3 | |
| 701 | 0 | @a徐鼎@Axu ding@4撰 |
| 702 | 0 | @a王崇武@4校点 |
| 801 | @aCN@bTSTCL@c20060426 | |
| 905 | @a213230@dK248.4@e54:2 | |
| 小腆纪年附考.下册/徐鼎撰/王崇武校点.-北京:中华书局,1957.5 |
| 796页;20cm |
| ISBN :CNY3.50(2册) |
| ● |
| 相关链接 |
|
|
|
|
正题名:小腆纪年附考
索取号:K248.4/54:2
 
预约/预借
| 序号 | 登录号 | 条形码 | 馆藏地/架位号 | 状态 | 备注 |
| 1 | 0228983 | 202264423 | 密集书库/ [索取号:K248.4/54:2] | 在馆 |